MARC details
| 000 -LEADER |
| fixed length control field |
01403cam a2200457Ii 4500 |
| 001 - CONTROL NUMBER |
| control field |
sjds1241722 |
| 003 - CONTROL NUMBER IDENTIFIER |
| control field |
sjds |
| 005 - DATE AND TIME OF LATEST TRANSACTION |
| control field |
20240527221354.0 |
| 008 - FIXED-LENGTH DATA ELEMENTS--GENERAL INFORMATION |
| fixed length control field |
141006s2014 sp a j 000 0 spa d |
| 020 ## - INTERNATIONAL STANDARD BOOK NUMBER |
| International Standard Book Number |
9788492608775 (board book) |
| 020 ## - INTERNATIONAL STANDARD BOOK NUMBER |
| International Standard Book Number |
8492608773 |
| 035 ## - SYSTEM CONTROL NUMBER |
| System control number |
1028443 |
| 035 ## - SYSTEM CONTROL NUMBER |
| System control number |
(OCoLC)892420243 |
| Canceled/invalid control number |
(OCoLC)943690754 |
| 035 ## - SYSTEM CONTROL NUMBER |
| System control number |
970330 |
| 035 ## - SYSTEM CONTROL NUMBER |
| System control number |
(OCoLC)ocn892420243 |
| 035 ## - SYSTEM CONTROL NUMBER |
| System control number |
1028443 |
| 035 ## - SYSTEM CONTROL NUMBER |
| System control number |
1028443 |
| 040 ## - CATALOGING SOURCE |
| Original cataloging agency |
OQX |
| Language of cataloging |
eng |
| Description conventions |
rda |
| Transcribing agency |
OQX |
| Modifying agency |
OQX |
| -- |
OCLCO |
| -- |
JTH |
| -- |
BDX |
| -- |
T7A |
| -- |
OCLCF |
| -- |
BTCTA |
| -- |
IFA |
| 049 ## - LOCAL HOLDINGS (OCLC) |
| Holding library |
IFAA |
| 099 ## - LOCAL FREE-TEXT CALL NUMBER (OCLC) |
| Filing suffix |
2014 |
| 999 ## - SYSTEM CONTROL NUMBERS (KOHA) |
| Koha Dewey Subclass [OBSOLETE] |
ESPANOL BOARD BOOKS RUBIO HERRERO 2014 |
| 100 1# - MAIN ENTRY--PERSONAL NAME |
| Personal name |
Rubio, Antonio, |
| Dates associated with a name |
1953- |
| Relator term |
author. |
| 245 10 - TITLE STATEMENT |
| Title |
Zapato / |
| Statement of responsibility, etc. |
Antonio Rubio y Oscar Villan. |
| 250 ## - EDITION STATEMENT |
| Edition statement |
Primera edicion. |
| 260 ## - PUBLICATION, DISTRIBUTION, ETC. (IMPRINT) |
| Place of publication, distribution, etc. |
Sevilla : |
| Name of publisher, distributor, etc. |
Kalandraka, |
| Date of publication, distribution, etc. |
2014 |
| 264 #1 - PRODUCTION, PUBLICATION, DISTRIBUTION, MANUFACTURE, AND COPYRIGHT NOTICE |
| Place of production, publication, distribution, manufacture |
Sevilla : |
| Name of producer, publisher, distributor, manufacturer |
Kalandraka ; |
| Date of production, publication, distribution, manufacture, or copyright notice |
2014. |
| 300 ## - PHYSICAL DESCRIPTION |
| Extent |
1 volume (unpaged) : |
| Other physical details |
color illustrations ; |
| Dimensions |
16 x 16 cm. |
| 336 ## - CONTENT TYPE |
| Content type term |
text |
| Content type code |
txt |
| Source |
rdacontent |
| 336 ## - CONTENT TYPE |
| Content type term |
still image |
| Content type code |
sti |
| Source |
rdacontent |
| 337 ## - MEDIA TYPE |
| Media type term |
unmediated |
| Media type code |
n |
| Source |
rdamedia |
| 338 ## - CARRIER TYPE |
| Carrier type term |
volume |
| Carrier type code |
nc |
| Source |
rdacarrier |
| 490 1# - SERIES STATEMENT |
| Series statement |
De la cuna a la luna |
| 500 ## - GENERAL NOTE |
| General note |
Cover title. |
| 500 ## - GENERAL NOTE |
| General note |
On board pages. |
| 520 ## - SUMMARY, ETC. |
| Summary, etc. |
A child describes shoes. |
| 650 #0 - SUBJECT ADDED ENTRY--TOPICAL TERM |
| Topical term or geographic name as entry element |
Shoes |
| Form subdivision |
Juvenile fiction. |
| 650 #7 - SUBJECT ADDED ENTRY--TOPICAL TERM |
| Topical term or geographic name as entry element |
Zapatos |
| Form subdivision |
Novela juvenil. |
| Source of heading or term |
bidex |
| 700 1# - ADDED ENTRY--PERSONAL NAME |
| Personal name |
Villan, Oscar, |
| Relator term |
illustrator. |
| 830 #0 - SERIES ADDED ENTRY--UNIFORM TITLE |
| Uniform title |
De la cuna a la luna. |
| 942 ## - ADDED ENTRY ELEMENTS (KOHA) |
| Koha item type |
Libro/Book |